000 00360nam a2200157Ia 4500
003 Ost
005 20260225132551.0
008 260225s9999||||xx |||||||||||||| ||und||
040 _cfsic
041 _afre
082 _a301.2
100 _aZakaria Bouchene
_eAuteur
245 0 _aCode de procédure pénale /
245 0 _cZakaria Bouchene
942 _cكتاب
999 _c34167
_d34167